Wird geladen...
The journal of Rama Varma Archeological Society
| 1. Verfasser: | |
|---|---|
| Format: | Printed Book |
| Sprache: | Malayalam |
| Veröffentlicht: |
Archeological Society, Trichur
Archeological Society, Trichur
1948
|
| LEADER | 00463nam a2200121Ia 4500 | ||
|---|---|---|---|
| 008 | 111205s9999 xx 000 0 mal d | ||
| 100 | |a Varkey C.J. | ||
| 245 | |a The journal of Rama Varma Archeological Society |c Varkey C.J. | ||
| 260 | |b Archeological Society, Trichur |a Archeological Society, Trichur |c 1948 | ||
| 300 | |a 30 | ||
| 942 | |c BK | ||
| 999 | |c 202956 |d 202956 | ||
| 952 | |0 0 |1 0 |4 0 |7 0 |9 224584 |a MAL |b MAL |c ST1 |d 1972-10-27 |g 0.00 |h 16 |l 0 |p MAL22002 |r 2015-04-13 |v 0.00 |w 2015-04-13 |y BK |k 1.00 | ||